书目信息 |
| 题名: |
全球城市史
|
|
| 作者: | 科特金 著 ;王旭 译 | |
| 分册: | ||
| 出版信息: | 北京 社会科学文献出版社 2010.11 |
|
| 页数: | 11,19,267页 | |
| 开本: | 23cm | |
| 丛书名: | 城市译丛 | |
| 单 册: | ||
| 中图分类: | K915 | |
| 科图分类: | ||
| 主题词: | 城市史--世界 , 城市史 | |
| 电子资源: | ||
| ISBN: | 978-7-5097-1299-3 | |
| 000 | 01142oam2 2200289 450 | |
| 001 | 003177414 | |
| 005 | 20120626100805.57 | |
| 010 | @a978-7-5097-1299-3@dCNY35.00 | |
| 100 | @a20101123d2010 em y0chiy0110 ea | |
| 101 | 1 | @achi@ceng |
| 102 | @aCN@b110000 | |
| 105 | @ay z 000yy | |
| 106 | @ar | |
| 200 | 1 | @a全球城市史@9quan qiu cheng shi shi@dThe city: a global history@f乔尔·科特金(Joel Kotkin)著@g王旭等译@zeng |
| 210 | @a北京@c社会科学文献出版社@d2010.11 | |
| 215 | @a11,19,267页@d23cm | |
| 225 | 2 | @a城市译丛 |
| 330 | @a本书作者探究了数千年来城市和都市生活的进化过程。从远古中石器时代城郭的宗教根源入手,分析了古代印度和中国的集镇,并由此把我们引导到“正统城市”的雏形上;再进一步解说从拜占廷和中东地区的城市乃至中国,到威尼斯及其后的城市商业帝国的崛起,再到后来的工业城市,直至今天的后工业化城市和城市郊区的现实。 | |
| 461 | 0 | @12001 @a城市译丛 |
| 510 | 1 | @aCity: a global history@zeng |
| 606 | 0 | @a城市史@y世界 |
| 606 | 0 | @a城市史 |
| 690 | @aK915@v4 | |
| 701 | 0 | @c(美)@a科特金@9ke te jin@c(Kotkin, Joel)@4著 |
| 702 | 0 | @a王旭@9wang xu@4译 |
| 801 | 0 | @aCN@bRENTIAN@c20101123 |
| 905 | @b541152-56@dK915@e197@f5 | |
| 全球城市史=The city: a global history/乔尔·科特金(Joel Kotkin)著/王旭等译.-北京:社会科学文献出版社,2010.11 |
| 11,19,267页;23cm.-(城市译丛) |
| ISBN 978-7-5097-1299-3:CNY35.00 |
| 本书作者探究了数千年来城市和都市生活的进化过程。从远古中石器时代城郭的宗教根源入手,分析了古代印度和中国的集镇,并由此把我们引导到“正统城市”的雏形上;再进一步解说从拜占廷和中东地区的城市乃至中国,到威尼斯及其后的城市商业帝国的崛起,再到后来的工业城市,直至今天的后工业化城市和城市郊区的现实。 |
| ● |
| 相关链接 |
|
|
|
|
正题名:全球城市史
索取号:K915/197
 
预约/预借
| 序号 | 登录号 | 条形码 | 馆藏地/架位号 | 状态 | 备注 |
| 1 | 541152 | 205411525 | 第二样本阅览室/ [索取号:K915/197] | 在馆 | |
| 2 | 541153 | 205411534 | 密集书库-史法系/ [索取号:K915/197] | 在馆 | |
| 3 | 541154 | 205411543 | 第二借阅区/ [索取号:K915/197] | 在馆 | |
| 4 | 541155 | 205411552 | 第二借阅区/ [索取号:K915/197] | 在馆 | |
| 5 | 541156 | 205411561 | 第二借阅区/ [索取号:K915/197] | 在馆 |